Central Library OPAC University of Rajshahi

The era of Charlemagne : (Record no. 24876)

MARC details
000 -LEADER
fixed length control field 00862nam a2200277 a 4500
001 - CONTROL NUMBER
control field 24876
003 - CONTROL NUMBER IDENTIFIER
rucl marc code BD-RjUL
005 - DATE AND TIME OF LATEST TRANSACTION
control field 20211209001117.0
008 - FIXED-LENGTH DATA ELEMENTS--GENERAL INFORMATION
fixed length control field 140315s1961 njua b 001 0 eng d
035 ## - SYSTEM CONTROL NUMBER
System control number (BD-RjUL)24945
040 ## - CATALOGING SOURCE
Original cataloging agency DLC
Transcribing agency WSU
Modifying agency BD-RjUL
Language of cataloging eng
041 ## - LANGUAGE CODE
Language code of text/sound track or separate title eng
082 ## - DEWEY DECIMAL CLASSIFICATION NUMBER
Classification number 944.01
Author mark and year EAE 1961
Edition number 23
100 1# - MAIN ENTRY--PERSONAL NAME
Personal name Easton, Stewart C.
9 (RLIN) 76552
245 14 - TITLE STATEMENT
Title The era of Charlemagne :
Remainder of title Frankish state and society /
Statement of responsibility, etc. Steward C. Easton and Helene Wieruszowski
260 ## - PUBLICATION, DISTRIBUTION, ETC. (IMPRINT)
Place of publication, distribution, etc. Princeton, N.J :
Name of publisher, distributor, etc. Van Nostrand,
Date of publication, distribution, etc. 1961.
300 ## - PHYSICAL DESCRIPTION
Pagination 192 p. :
Illustrations ill. ;
Size 19 cm.
490 1# - SERIES STATEMENT
Series statement Anvil original ;
Volume/sequential designation 54
504 ## - BIBLIOGRAPHY, ETC. NOTE
Bibliography, etc Includes Index
600 00 - SUBJECT ADDED ENTRY--PERSONAL NAME
Personal name Charlemagne
Titles and other words associated with a name Emperor
Dates associated with a name 742-814.
651 #0 - SUBJECT ADDED ENTRY--GEOGRAPHIC NAME
Geographic name France
General subdivision History
Chronological subdivision To 987.
9 (RLIN) 76554
700 1# - ADDED ENTRY--PERSONAL NAME
Personal name Wieruszowski, Helene.
830 #0 - SERIES ADDED ENTRY--UNIFORM TITLE
Volume number/sequential designation 54
Uniform title Anvil original ;
942 ## - ADDED ENTRY ELEMENTS (KOHA)
Source of classification or shelving scheme Dewey Decimal Classification
Koha item type Books
Holdings
Lost status Source of classification or shelving scheme Damaged status Not for loan Collection code Permanent Location Current Location Shelving location Date acquired Source of acquisition Cost, normal purchase price Total Checkouts Full call number Date last seen Date checked out Copy number Koha item type
  Dewey Decimal Classification     Non-fiction Central Library, University of Rajshahi Central Library, University of Rajshahi   24/10/1973 U. S. Govt. 0.00 1 944.01 EAE 1961 27/06/2019 03/03/2019 C-3 Books
  Dewey Decimal Classification   Not For Loan Non-fiction Central Library, University of Rajshahi Central Library, University of Rajshahi Reading Room 24/10/1973 U.S. Govt.     944.01 EAE 1961 06/02/2017   C-1 Books
  Dewey Decimal Classification     Non-fiction Central Library, University of Rajshahi Central Library, University of Rajshahi   24/10/1973 U.S. Govt.     944.01 EAE 1961 05/03/2017   C-2 Books
  Dewey Decimal Classification     Non-fiction Central Library, University of Rajshahi Central Library, University of Rajshahi General Stacks 24/10/1973 U.S. Govt   1 944.01 EAE 1961 01/12/2022 26/10/2022 C-4 Books
  Dewey Decimal Classification     Non-fiction Central Library, University of Rajshahi Central Library, University of Rajshahi General Stacks 24/10/1973 U.S. Govt   4 944.01 EAE 1961 08/02/2023 24/01/2023 C-5 Books